Statistics for All Oscar-nominated Actresses Alphabetically

Click here to take the quiz!

General Stats

  • This quiz has been taken 2,334 times
    (320 since last reset)
  • The average score is 278 of 482

Answer Stats

HINTANSWER% Correct
American HustleAmy Adams
93%
Blue JasmineCate Blanchett
93%
ChicagoCatherine Zeta-Jones
93%
The Accidental TouristGeena Davis
93%
Monster's BallHalle Berry
93%
Mary PoppinsJulie Andrews
93%
DangerousBette Davis
92%
Still AliceJulianne Moore
92%
The Blind SideSandra Bullock
92%
FencesViola Davis
92%
Roman HolidayAudrey Hepburn
91%
Funny GirlBarbra Streisand
91%
La La LandEmma Stone
91%
Fatal AttractionGlenn Close
91%
Les MisérablesAnne Hathaway
90%
MoonstruckCher
90%
Silver Linings PlaybookJennifer Lawrence
90%
A Passage to IndiaJudy Davis
90%
Morning GloryKatharine Hepburn
90%
MiseryKathy Bates
90%
Sophie's ChoiceMeryl Streep
90%
Gone with the WindVivien Leigh
90%
Girl, InterruptedAngelina Jolie
89%
Imitation of LifeJuanita Moore
89%
Ordinary PeopleMary Tyler Moore
89%
CasinoSharon Stone
89%
Come Back, Little ShebaTerry Moore
89%
GhostWhoopi Goldberg
89%
One Night of LoveGrace Moore
88%
PsychoJanet Leigh
88%
The ReaderKate Winslet
88%
Black SwanNatalie Portman
88%
The HoursNicole Kidman
88%
Annie HallDiane Keaton
87%
Shakespeare in LoveGwyneth Paltrow
87%
The Hateful EightJennifer Jason Leigh
87%
Shakespeare in LoveJudi Dench
87%
Erin BrockovichJulia Roberts
86%
A Star Is BornLady Gaga
86%
FargoFrances McDormand
85%
I, TonyaMargot Robbie
85%
The Bachelor PartyCarolyn Jones
84%
BUtterfield 8Elizabeth Taylor
84%
The Theory of EverythingFelicity Jones
84%
As Good as It GetsHelen Hunt
84%
Boys Don't CryHilary Swank
84%
The Song of BernadetteJennifer Jones
84%
Vicky Cristina BarcelonaPenélope Cruz
84%
This Sporting LifeRachel Roberts
84%
JudyRenée Zellweger
84%
Marriage StoryScarlett Johansson
84%
Elmer GantryShirley Jones
84%
Howards EndEmma Thompson
83%
The AccusedJodie Foster
83%
The Year of Living DangerouslyLinda Hunt
83%
Pulp FictionUma Thurman
83%
DreamgirlsJennifer Hudson
82%
Zero Dark ThirtyJessica Chastain
82%
A Star Is BornJudy Garland
82%
Almost FamousKate Hudson
82%
The Prime of Miss Jean BrodieMaggie Smith
82%
Terms of EndearmentShirley MacLaine
82%
Dead Man WalkingSusan Sarandon
82%
MonsterCharlize Theron
81%
GaslightIngrid Bergman
81%
Pride & PrejudiceKeira Knightley
81%
CabaretLiza Minnelli
81%
Norma RaeSally Field
81%
Starting OverCandice Bergen
80%
The PianoHolly Hunter
80%
KluteJane Fonda
80%
La Vie en RoseMarion Cotillard
80%
The FavouriteOlivia Colman
80%
Walk the LineReese Witherspoon
80%
The Miracle WorkerAnne Bancroft
79%
American BeautyAnnette Bening
79%
Blue SkyJessica Lange
79%
L.A. ConfidentialKim Basinger
79%
A Streetcar Named DesireKim Hunter
79%
FridaSalma Hayek
79%
The Dark at the Top of the StairsShirley Knight
79%
The QueenHelen Mirren
78%
Everything Everywhere All At OnceMichelle Yeoh
78%
Splendor in the GrassNatalie Wood
78%
AtonementSaoirse Ronan
78%
AliensSigourney Weaver
78%
NetworkFaye Dunaway
77%
Cactus FlowerGoldie Hawn
77%
The Country GirlGrace Kelly
77%
Peyton PlaceHope Lange
77%
Little WomenWinona Ryder
77%
Alice Doesn't Live Here AnymoreEllen Burstyn
76%
Animal KingdomJacki Weaver
76%
The Bad SeedNancy Kelly
76%
The Sound of MusicPeggy Wood
76%
Coal Miner's DaughterSissy Spacek
76%
What's Love Got to Do with ItAngela Bassett
75%
Women in LoveGlenda Jackson
75%
Mildred PierceJoan Crawford
75%
The Girl with the Dragon TattooRooney Mara
75%
RoomBrie Larson
74%
Everything Everywhere All At OnceJamie Lee Curtis
74%
Marriage StoryLaura Dern
74%
The Fabulous Baker BoysMichelle Pfeiffer
74%
Blue ValentineMichelle Williams
74%
The United States vs. Billie HolidayAndra Day
73%
The Defiant OnesCara Williams
73%
Pillow TalkDoris Day
73%
A Beautiful MindJennifer Connelly
73%
The HelpOctavia Spencer
73%
The Color PurpleOprah Winfrey
73%
BoyhoodPatricia Arquette
73%
SpotlightRachel McAdams
73%
West Side StoryRita Moreno
73%
Two WomenSophia Loren
73%
Maria Full of GraceCatalina Sandino Moreno
72%
Breaking the WavesEmily Watson
72%
The English PatientJuliette Binoche
72%
One Flew Over the Cuckoo's NestLouise Fletcher
72%
Paper MoonTatum O'Neal
72%
The Unsinkable Molly BrownDebbie Reynolds
71%
Anna ChristieGreta Garbo
71%
Driving Miss DaisyJessica Tandy
71%
The English PatientKristin Scott Thomas
71%
Watch on the RhineLucile Watson
71%
12 Years a SlaveLupita Nyong'o
71%
Working GirlMelanie Griffith
71%
The PianoAnna Paquin
70%
UnfaithfulDiane Lane
70%
The Wings of the DoveHelena Bonham Carter
70%
The ContenderJoan Allen
70%
Peggy Sue Got MarriedKathleen Turner
70%
Good Will HuntingMinnie Driver
70%
To Each His OwnOlivia de Havilland
70%
Gone GirlRosamund Pike
70%
Michael ClaytonTilda Swinton
70%
The Divine LadyCorinne Griffith
69%
The Trip to BountifulGeraldine Page
69%
Mrs. MiniverGreer Garson
69%
The Power of the DogKirsten Dunst
69%
Peyton PlaceLana Turner
69%
Children of a Lesser GodMarlee Matlin
69%
Prizzi's HonorAnjelica Huston
68%
MogamboAva Gardner
68%
My Cousin VinnyMarisa Tomei
68%
I, TonyaAllison Janney
67%
Breaking AwayBarbara Barrie
67%
An EducationCarey Mulligan
67%
Swing ShiftChristine Lahti
67%
It Happened One NightClaudette Colbert
67%
Lady Sings the BluesDiana Ross
67%
The GraduateKatharine Ross
67%
SpencerKristin Stewart
67%
ChicagoQueen Latifah
67%
The Constant GardenerRachel Weisz
67%
The Sixth SenseToni Collette
67%
JuliaVanessa Redgrave
67%
MinariYoun Yuh-jung
67%
Little WomenFlorence Pugh
66%
Kitty FoyleGinger Rogers
66%
SuspicionJoan Fontaine
66%
DarlingJulie Christie
66%
Five Easy PiecesKaren Black
66%
The Mirror Has Two FacesLauren Bacall
66%
Georgy GirlLynn Redgrave
66%
PreciousMo'Nique
66%
If Beale Street Could TalkRegina King
66%
TransamericaFelicity Huffman
65%
MoonlightNaomie Harris
65%
MoonstruckOlympia Dukakis
65%
Little Miss SunshineAbigail Breslin
64%
Who Is Harry Kellerman...?Barbara Harris
64%
The RoseBette Midler
64%
The SundownersGlynis Johns
64%
The Member of the WeddingJulie Harris
64%
Tom & VivRosemary Harris
64%
PreciousGabourey Sidibe
63%
Can You Ever Forgive Me?Melissa McCarthy
63%
Pete Kelly's BluesPeggy Lee
63%
Up in the AirAnna Kendrick
62%
Guess Who's Coming to DinnerBeah Richards
62%
IndochineCatherine Deneuve
62%
Edward, My SonDeborah Kerr
62%
Cape FearJuliette Lewis
62%
Tom & VivMiranda Richardson
62%
The Shape of WaterSally Hawkins
62%
BlondeAna de Armas
61%
Baby DollCarroll Baker
61%
Brief EncounterCelia Johnson
61%
None but the Lonely HeartEthel Barrymore
61%
Vera DrakeImelda Staunton
61%
The Three Faces of EveJoanne Woodward
61%
HarveyJosephine Hull
61%
You Can Count On MeLaura Linney
61%
The ExorcistLinda Blair
61%
The FighterMelissa Leo
61%
21 GramsNaomi Watts
61%
RockyTalia Shire
61%
MankAmanda Seyfried
60%
Gone Baby GoneAmy Ryan
60%
MartyBetsy Blair
60%
An Officer and a GentlemanDebra Winger
60%
RebeccaJudith Anderson
60%
Crazy HeartMaggie Gyllenhaal
60%
The Danish GirlAlicia Vikander
59%
Love StoryAli MacGraw
59%
The Razor's EdgeAnne Baxter
59%
Stella DallasBarbara Stanwyck
59%
Leaving Las VegasElisabeth Shue
59%
Sadie ThompsonGloria Swanson
59%
Gone with the WindHattie McDaniel
59%
The Sin of Madelon ClaudetHelen Hayes
59%
PollockMarcia Gay Harden
59%
MoroccoMarlene Dietrich
59%
Cinderella LibertyMarsha Mason
59%
CoquetteMary Pickford
59%
Mighty AphroditeMira Sorvino
59%
American GangsterRuby Dee
59%
Fatal AttractionAnne Archer
58%
Secrets & LiesBrenda Blethyn
58%
The Night of the IguanaGrayson Hall
58%
MudboundMary J Blige
58%
Up in the AirVera Farmiga
58%
CagedEleanor Parker
57%
Born YesterdayJudy Holliday
57%
The Great ZiegfeldLuise Rainer
57%
I Want to Live!Susan Hayward
57%
The Story of Adele H.Isabelle Adjani
56%
Johnny BelindaJane Wyman
56%
Educating RitaJulie Walters
56%
The Farmer's DaughterLoretta Young
56%
The DivorceeNorma Shearer
56%
HudPatricia Neal
56%
The Miracle WorkerPatty Duke
56%
Room at the TopSimone Signoret
56%
Hannah and Her SistersDianne Wiest
55%
Carmen JonesDorothy Dandridge
55%
Whale RiderKeisha Castle-Hughes
55%
A Passage to IndiaPeggy Ashcroft
55%
GaslightAngela Lansbury
54%
The Rose TattooAnna Magnani
54%
The Great White HopeJane Alexander
54%
7th HeavenJanet Gaynor
54%
Min and BillMarie Dressler
54%
Shirley ValentinePauline Collins
54%
Beasts of the Southern WildQuvenzhané Wallis
54%
In AmericaSamantha Morton
54%
The Diary of Anne FrankShelley Winters
54%
TommyAnn-Margret
53%
45 YearsCharlotte Rampling
53%
ClaudineDiahann Carroll
53%
Central StationFernanda Montenegro
53%
True GritHailee Steinfeld
53%
CimarronIrene Dunne
53%
ElleIsabelle Huppert
53%
The Devil's HolidayNancy Carroll
53%
LovingRuth Negga
53%
Pieces of a WomanVanessa Kirby
53%
RomaYalitza Aparicio
53%
Thoroughly Modern MillieCarol Channing
52%
Being John MalkovichCatherine Keener
52%
Who's Afraid of Virginia Woolf?Sandy Dennis
52%
Come Back, Little ShebaShirley Booth
52%
Six Degrees of SeparationStockard Channing
52%
My Left FootBrenda Fricker
51%
American GraffitiCandy Clark
51%
Gentleman's AgreementCeleste Holm
51%
Working GirlJoan Cusack
51%
LiliLeslie Caron
51%
My Sister EileenRosalind Russell
51%
Rosemary's BabyRuth Gordon
51%
Everything Everywhere All At OnceStephanie Hsu
51%
Mrs. MiniverTeresa Wright
51%
The ArtistBérénice Bejo
50%
A Woman Under the InfluenceGena Rowlands
50%
The More the MerrierJean Arthur
50%
ShampooLee Grant
50%
NashvilleLily Tomlin
50%
Our TownMartha Scott
50%
To LeslieAndrea Riseborough
49%
SounderCicely Tyson
49%
HarrietCynthia Erivo
49%
The WhisperersEdith Evans
49%
Mildred PierceEve Arden
49%
TitanicGloria Stuart
49%
The Lost DaughterJessie Buckley
49%
ManhattanMariel Hemingway
49%
Passion FishMary McDonnell
49%
Melvin and HowardMary Steenburgen
49%
Ryan's DaughterSarah Miles
49%
Hotel RwandaSophie Okonedo
49%
Midnight CowboySylvia Miles
49%
TootsieTeri Garr
49%
SidewaysVirginia Madsen
49%
A Man and a WomanAnouk Aimée
48%
West Side StoryAriana De Bose
48%
Boys Don't CryChloë Sevigny
48%
Alice Doesn't Live Here AnymoreDiane Ladd
48%
AmourEmmanuelle Riva
48%
Anne of the Thousand DaysGeneviève Bujold
48%
Lady BirdLaurie Metcalf
48%
Killers of the Flower MoonLily Gladstone
48%
The Great LieMary Astor
48%
Pieces of AprilPatricia Clarkson
48%
The Curious Case of Benjamin ButtonTaraji P. Henson
48%
All About EveThelma Ritter
48%
The Magnificent AmbersonsAgnes Moorehead
47%
The Portrait of a LadyBarbara Hershey
47%
All This, and Heaven TooBarbara O'Neil
47%
My Man GodfreyCarole Lombard
47%
Hester StreetCarol Kane
47%
From Here to EternityDonna Reed
47%
The Bad and the BeautifulGloria Grahame
47%
The WhaleHong Chau
47%
TumbleweedsJanet McTeer
47%
A Unmarried WomanJill Clayburgh
47%
Days of Wine and RosesLee Remick
47%
The EmigrantsLiv Ullmann
47%
GoodfellasLorraine Bracco
47%
A Ship Comes InLouise Dresser
47%
Agnes of GodMeg Tilly
47%
All the King's MenMercedes McCambridge
47%
The Dark AngelMerle Oberon
47%
MASHSally Kellerman
47%
Anatomy of a FallSandra Huller
47%
On the WaterfrontEva Marie Saint
46%
Bullets over BroadwayJennifer Tilly
46%
NebraskaJune Squibb
46%
Paper MoonMadeline Kahn
46%
The Fisher KingMercedes Ruehl
46%
The HustlerPiper Laurie
46%
AnnaSally Kirkland
46%
Separate TablesWendy Hiller
46%
The Last Picture ShowCloris Leachman
45%
The Banshees of InisherinKerry Condon
45%
Phantom ThreadLesley Manville
45%
Hilary and JackieRachel Griffiths
45%
BabelRinko Kikuchi
45%
The CollectorSamantha Eggar
45%
King RichardAunjanue Ellis
44%
The Broadway MelodyBessie Love
44%
Last SummerCatherine Burns
44%
Gentleman's AgreementDorothy McGuire
44%
Private BenjaminEileen Brennan
44%
Leave Her to HeavenGene Tierney
44%
Now, VoyagerGladys Cooper
44%
The Color PurpleMargaret Avery
44%
Borat Subsequent MoviefilmMaria Bakalova
44%
The Color of MoneyMary E. Mastrantonio
44%
Random HarvestSusan Peters
44%
Bob & Carol & Ted & AliceDyan Cannon
43%
JezebelFay Bainter
43%
The Happy EndingJean Simmons
43%
Apollo 13Kathleen Quinlan
43%
Séance on a Wet AfternoonKim Stanley
43%
Enemies, A Love StoryLena Olin
43%
The Moon Is BlueMaggie McNamara
43%
RomaMarina de Tavira
43%
FearlessRosie Perez
43%
Written on the WindDorothy Malone
42%
A Patch of BlueElizabeth Hartman
42%
Bonnie and ClydeEstelle Parsons
42%
The LetterJeanne Eagels
42%
Gaby: A True StoryNorma Aleandro
42%
They Shoot Horses, Don't They?Susannah York
42%
BabelAdriana Barraza
41%
YentlAmy Irving
41%
I Remember MamaBarbara Bel Geddes
41%
Diary of a Mad HousewifeCarrie Snodgress
41%
Drums Along the MohawkEdna May Oliver
41%
Saratoga TrunkFlora Robson
41%
Nicholas and AlexandraJanet Suzman
41%
PinkyJeanne Crain
41%
Victor/VictoriaLesley Ann Warren
41%
Cousin CousineMarie-Christine Barrault
41%
RedsMaureen Stapleton
41%
Lady for a DayMay Robson
41%
Close Encounters of the Third KindMelinda Dillon
41%
Becky SharpMiriam Hopkins
41%
SayonaraMiyoshi Umeki
41%
The Bad SeedPatty McCormack
41%
LennyValerie Perrine
41%
Cross CreekAlfre Woodard
40%
In Old ChicagoAlice Brady
40%
The Blue VeilJoan Blondell
40%
Zorba the GreekLila Kedrova
40%
Duel in the SunLillian Gish
40%
The Roman Spring of Mrs. StoneLotte Lenya
40%
The GuardsmanLynn Fontanne
40%
Secrets & LiesMarianne Jean-Baptiste
40%
Sunset BoulevardNancy Olson
40%
House of Sand and FogShohreh Aghdashloo
40%
Mildred PierceAnn Blyth
39%
National VelvetAnne Revere
39%
The Gorgeous HussyBeulah Bondi
39%
Tom JonesDiane Cilento
39%
Escape Me NeverElisabeth Bergner
39%
RagtimeElizabeth McGovern
39%
Come to the StableElsa Lanchester
39%
PinkyEthel Waters
39%
Wuthering HeightsGeraldine Fitzgerald
39%
The Shop on Main StreetIda Kamińska
39%
Singin' in the RainJean Hagen
39%
Enchanted AprilJoan Plowright
39%
East of EdenJo Van Fleet
39%
For Whom the Bell TollsKatina Paxinou
39%
The Go-BetweenMargaret Leighton
39%
The V.I.P.sMargaret Rutherford
39%
To Kill a MockingbirdMary Badham
39%
Never on SundayMelina Mercouri
39%
Auntie MamePeggy Cass
39%
Madame XRuth Chatterton
39%
How Green Was My ValleySara Allgood
39%
The Heart Is a Lonely HunterSondra Locke
39%
Room at the TopHermione Baddeley
38%
The Prince of TidesKate Nelligan
38%
GeorgiaMare Winningham
38%
Crimes of the HeartTess Harper
38%
Throw Momma from the TrainAnne Ramsey
37%
Once Is Not EnoughBrenda Vaccaro
37%
CagedHope Emerson
37%
The Heartbreak KidJeannie Berlin
37%
Death of a SalesmanMildred Dunnock
37%
The Little FoxesPatricia Collinge
37%
NashvilleRonee Blakley
37%
The Philadelphia StoryRuth Hussey
37%
Dragon SeedAline MacMahon
36%
Twice in a LifetimeAmy Madigan
36%
Stage DoorAndrea Leeds
36%
HolidayAnn Harding
36%
Raging BullCathy Moriarty
36%
Key LargoClaire Trevor
36%
CavalcadeDiana Wynyard
36%
HawaiiJocelyne LaGarde
36%
Broken LanceKaty Jurado
36%
The Turning PointLeslie Browne
36%
Lilies of the FieldLilia Skala
36%
The Egg and IMarjorie Main
36%
Some Came RunningMartha Hyer
36%
Barefoot in the ParkMildred Natwick
36%
The Goodbye GirlQuinn Cummings
36%
You Can't Take It with YouSpring Byington
36%
Fat CitySusan Tyrrell
36%
Summer Wishes, Winter DreamsSylvia Sidney
36%
Stella DallasAnne Shirley
35%
The Whales of AugustAnn Sothern
35%
NetworkBeatrice Straight
35%
Merrily We LiveBillie Burke
35%
Moulin RougeColette Marchand
35%
Inside MovesDiana Scarwid
35%
Anthony AdverseGale Sondergaard
35%
The High and the MightyJan Sterling
35%
Tom JonesJoyce Redman
35%
The Rose TattooMarisa Pavan
35%
The Great WaltzMiliza Korjus
35%
Executive SuiteNina Foch
35%
Coming HomePenelope Milford
35%
The BarkerBetty Compson
34%
Peyton PlaceDiane Varsi
34%
The Grapes of WrathJane Darwell
34%
Funny GirlKay Medford
34%
Places in the HeartLindsay Crouse
34%
FacesLynn Carlin
34%
Sons and LoversMary Ure
34%
Night Must FallMay Whitty
34%
So Proudly We Hail!Paulette Goddard
34%
Imitation of LifeSusan Kohner
34%
AlfieVivien Merchant
34%
These ThreeBonita Granville
33%
Butterflies Are FreeEileen Heckart
33%
I Remember MamaEllen Corby
33%
ResurrectionEva Le Gallienne
33%
The Corn Is GreenJoan Lorring
33%
Three ComradesMargaret Sullavan
33%
DodsworthMaria Ouspenskaya
33%
Primrose PathMarjorie Rambeau
33%
Valiant Is the Word for CarrieGladys George
32%
Looking for Mr. GoodbarTuesday Weld
31%
Only When I LaughJoan Hackett
30%
Sergeant YorkMargaret Wycherly
30%
Summer and SmokeUna Merkel
30%
Day for NightValentina Cortese
30%

Score Distribution

Percentile by Number Answered

Percent of People with Each Score

Your Score History

You have not taken this quiz since the last reset